[Event "London Classic op 14th"]
[Site "London"]
[Date "2024.12.05"]
[Round "7"]
[White "Rocco, Federico"]
[Black "Cancedda Dupuis, Livio"]
[Result "1-0"]
[WhiteElo "2154"]
[BlackElo "2039"]
[PlyCount "101"]
[EventDate "2024.11.29"]
[EventType "swiss"]
[EventRounds "9"]
[EventCountry "ENG"]
[SourceTitle "CB50_2024"]
[SourceDate "2024.11.01"]
[SourceVersion "1"]
[SourceVersionDate "2024.11.01"]
[SourceQuality "2"]

1. e4 c5 2. Nf3 a6 3. g3 Nc6 4. Bg2 e5 5. 0-0 d6 6. c3 Nge7 7. h3 Qb6 8. Na3 g6 9. d4 cxd4 10. cxd4 Nxd4 11. Nxd4 exd4 12. Nc4 Qc5 13. b3 Nc6 14. Ba3 Qg5 15. Bxd6 Be6 16. e5 Bxc4 17. bxc4 Bxd6 18. Bxc6+ bxc6 19. exd6 c5 20. Re1+ Kf8 21. Qf3 Kg7 22. Re7 Qf6 23. Qd5 Rad8 24. Rae1 Rxd6 25. Rxf7+ Qxf7 26. Qxd6 Re8 27. Re5 Rxe5 28. Qxe5+ Qf6 29. Qc7+ Kh8 30. Qxc5 Kg7 31. Qc7+ Kf8 32. Qf4 Ke7 33. Qxf6+ Kxf6 34. Kf1 d3 35. Ke1 Ke5 36. Kd2 Kd4 37. c5 Kxc5 38. Kxd3 Kd5 39. f4 a5 40. g4 a4 41. a3 Ke6 42. Ke4 Kd6 43. f5 gxf5+ 44. Kxf5 Kd5 45. g5 Kc4 46. Ke4 Kb3 47. Kd3 Kxa3 48. Kc2 Ka2 49. h4 a3 50. h5 Ka1 51. h6 1-0

[Event "London Classic op 14th"]
[Site "London"]
[Date "2024.12.03"]
[Round "6"]
[White "Franco, Gaston Nicolas"]
[Black "Rocco, Federico"]
[Result "1-0"]
[WhiteElo "2070"]
[BlackElo "2154"]
[PlyCount "63"]
[EventDate "2024.11.29"]
[EventType "swiss"]
[EventRounds "9"]
[EventCountry "ENG"]
[SourceTitle "CB50_2024"]
[SourceDate "2024.11.01"]
[SourceVersion "1"]
[SourceVersionDate "2024.11.01"]
[SourceQuality "2"]

1. e4 c5 2. Nf3 d6 3. d4 cxd4 4. Nxd4 Nf6 5. Nc3 a6 6. Bc4 e6 7. Bb3 Nbd7 8. 0-0 Nc5 9. Qe2 Be7 10. f4 0-0 11. Kh1 Qc7 12. e5 Nfd7 13. exd6 Bxd6 14. f5 Nxb3 15. axb3 exf5 16. Nxf5 Nb6 17. Nxd6 Qxd6 18. Bf4 Qg6 19. Qf2 Bg4 20. h3 Bd7 21. Rad1 Bc6 22. Rd6 Qf5 23. Rxc6 bxc6 24. Qxb6 g5 25. g4 Qxc2 26. Bxg5 Qd3 27. Kg2 f5 28. Rd1 Qc2+ 29. Rd2 Qc1 30. Qxc6 fxg4 31. Qe6+ Kh8 32. Bf6+ 1-0

[Event "London Mindsports op 4th"]
[Site "London"]
[Date "2024.07.23"]
[Round "9"]
[White "Patel, Zain"]
[Black "Rocco, Federico"]
[Result "0-1"]
[WhiteElo "1958"]
[BlackElo "2146"]
[PlyCount "70"]
[EventDate "2024.07.18"]
[EventType "swiss"]
[EventRounds "9"]
[EventCountry "ENG"]
[SourceTitle "EXT 2025"]
[Source "ChessBase"]
[SourceDate "2024.10.14"]
[SourceVersion "1"]
[SourceVersionDate "2024.10.14"]
[SourceQuality "1"]

1. Nf3 Nf6 2. b3 g6 3. Bb2 Bg7 4. g3 d6 5. Bg2 0-0 6. d4 a5 7. 0-0 a4 8. c4 Nc6 9. Qc1 axb3 10. axb3 Rxa1 11. Bxa1 e5 12. dxe5 Ng4 13. Rd1 Qe8 14. Nc3 Ncxe5 15. Nxe5 Qxe5 16. h3 Nf6 17. Nd5 Qe6 18. Nxc7 Qxe2 19. Rxd6 Ne4 20. Bxe4 Qxe4 21. Nd5 Bxh3 22. Nf4 Bf5 23. Bxg7 Kxg7 24. Qc3+ f6 25. Rd1 Re8 26. Nd5 Re5 27. Qb4 Qf3 28. Re1 Be4 29. Rxe4 Rxe4 30. Qxb7+ Kh6 31. Qb4 Re2 32. Qf8+ Kg5 33. Qxf6+ Qxf6 34. f4+ Kf5 35. g4+ Ke6 0-1

[Event "London Mindsports op 4th"]
[Site "London"]
[Date "2024.07.22"]
[Round "8"]
[White "Rocco, Federico"]
[Black "Cancedda Dupuis, Livio"]
[Result "1/2-1/2"]
[WhiteElo "2146"]
[BlackElo "2041"]
[PlyCount "113"]
[EventDate "2024.07.18"]
[EventType "swiss"]
[EventRounds "9"]
[EventCountry "ENG"]
[SourceTitle "EXT 2025"]
[Source "ChessBase"]
[SourceDate "2024.10.14"]
[SourceVersion "1"]
[SourceVersionDate "2024.10.14"]
[SourceQuality "1"]

1. e4 c5 2. Nf3 a6 3. g3 Nc6 4. Bg2 g6 5. c3 Bg7 6. d4 cxd4 7. cxd4 Qb6 8. d5 Bxb2 9. Bxb2 Qxb2 10. Nbd2 Nd4 11. 0-0 Nxf3+ 12. Bxf3 b5 13. a4 Rb8 14. Qe2 d6 15. axb5 axb5 16. Rab1 Qd4 17. Rxb5 Rxb5 18. Qxb5+ Kf8 19. Nb3 Qb2 20. Qd3 Ba6 21. Qxa6 Qxb3 22. Kg2 Qb2 23. Re1 Qe5 24. Bd1 Nf6 25. Qd3 Nd7 26. f4 Qb2+ 27. Re2 Qa1 28. Re1 Nc5 29. Qe3 Kg7 30. Bg4 Qb2+ 31. Re2 Qa1 32. Re1 Qa2+ 33. Kh3 Qc4 34. Bf3 Rb8 35. Rc1 Rb3 36. Rxc4 Rxe3 37. Kg2 Nd3 38. Rd4 Kf6 39. Kf1 Nxf4 40. Kf2 Rd3 41. Rxd3 Nxd3+ 42. Ke3 Nc5 43. Kd4 Nd7 44. Be2 Ne5 45. Bd1 g5 46. h3 g4 47. h4 h5 48. Ke3 e6 49. dxe6 fxe6 50. Ba4 Ke7 51. Kf4 Nf7 52. Bb5 Kf8 53. Bd7 Ke7 54. Ba4 Kd8 55. Bb3 Kd7 56. Ba4+ Ke7 57. Bb5 1/2-1/2

[Event "London Mindsports op 4th"]
[Site "London"]
[Date "2024.07.20"]
[Round "4"]
[White "Sooraj, Menothuparam Raju"]
[Black "Rocco, Federico"]
[Result "1-0"]
[WhiteElo "1999"]
[BlackElo "2146"]
[PlyCount "79"]
[EventDate "2024.07.18"]
[EventType "swiss"]
[EventRounds "9"]
[EventCountry "ENG"]
[SourceTitle "EXT 2025"]
[Source "ChessBase"]
[SourceDate "2024.10.14"]
[SourceVersion "1"]
[SourceVersionDate "2024.10.14"]
[SourceQuality "1"]

1. e4 c5 2. b3 Nc6 3. Bb2 Nf6 4. Nc3 e6 5. f4 d5 6. e5 Nd7 7. Nf3 Be7 8. Bd3 f5 9. exf6 Nxf6 10. Ne5 0-0 11. Nxc6 bxc6 12. 0-0 c4 13. Be2 Qc7 14. Qe1 Bd6 15. Qh4 Bd7 16. Rab1 cxb3 17. axb3 Rab8 18. Bd3 Rf7 19. Rbe1 Rb4 20. Ne2 e5 21. Ng3 e4 22. Be2 Be7 23. Nh5 Nxh5 24. Qxh5 Rf5 25. Qh3 Rxf4 26. Qc3 Qb6+ 27. Kh1 Bf6 28. Rxf4 Bxc3 29. Bxc3 g5 30. Rff1 Qc5 31. Bh5 Be6 32. Rf6 d4 33. Bxb4 Qxb4 34. Rxe6 e3 35. Rf1 Qxd2 36. g4 Qxc2 37. Re8+ Kg7 38. Rf7+ Kh6 39. Re6+ Qg6 40. Bxg6 1-0

[Event "London Mindsports op 4th"]
[Site "London"]
[Date "2024.07.19"]
[Round "3"]
[White "Rocco, Federico"]
[Black "Fitzsimons, David"]
[Result "0-1"]
[WhiteElo "2146"]
[BlackElo "2320"]
[PlyCount "94"]
[EventDate "2024.07.18"]
[EventType "swiss"]
[EventRounds "9"]
[EventCountry "ENG"]
[SourceTitle "EXT 2025"]
[Source "ChessBase"]
[SourceDate "2024.10.14"]
[SourceVersion "1"]
[SourceVersionDate "2024.10.14"]
[SourceQuality "1"]

1. e4 c5 2. Nf3 a6 3. g3 Nc6 4. Bg2 Nf6 5. Qe2 d6 6. c3 e5 7. 0-0 g6 8. Rd1 Bg7 9. h3 0-0 10. d4 exd4 11. cxd4 Re8 12. Nc3 cxd4 13. Nxd4 Bd7 14. Nb3 Be6 15. Nc5 Bc8 16. Be3 Qe7 17. N5a4 Be6 18. Nb6 Rad8 19. Rac1 Nb4 20. b3 Nd7 21. a3 Nxb6 22. Bxb6 Rc8 23. Qb2 Nc6 24. Qb1 Qd7 25. Kh2 Ne7 26. Bd4 Bxd4 27. Rxd4 Qc7 28. Qb2 Qb6 29. Rb4 Qa7 30. e5 d5 31. Rd1 Qc5 32. Na4 Qc7 33. Rb6 Red8 34. f4 Nf5 35. Qf2 h5 36. Rb4 b5 37. Nb2 Qc5 38. Qxc5 Rxc5 39. a4 Rc2 40. Nd3 Rxg2+ 41. Kxg2 Ne3+ 42. Kf3 Nxd1 43. axb5 axb5 44. Rxb5 Bxh3 45. Nc5 Bg4+ 46. Kg2 d4 47. Nb7 Rb8 0-1

[Event "BCF-chT 2324 (4NCL)"]
[Site "England"]
[Date "2024.03.16"]
[Round "7.4"]
[White "Rocco, Federico"]
[Black "Willow, Jonah B"]
[Result "0-1"]
[WhiteElo "2163"]
[BlackElo "2417"]
[PlyCount "73"]
[EventDate "2023.11.11"]
[EventType "team-tourn"]
[EventRounds "11"]
[EventCountry "ENG"]
[SourceTitle "EXT 2025"]
[Source "ChessBase"]
[SourceDate "2024.10.14"]
[SourceVersion "1"]
[SourceVersionDate "2024.10.14"]
[SourceQuality "1"]
[WhiteTeam "Barnet Knights"]
[BlackTeam "Wood Green Youth"]
[WhiteTeamCountry "ENG"]
[BlackTeamCountry "ENG"]

1. e4 c5 2. Nf3 e6 3. b3 a6 4. Bb2 Nc6 5. c4 Nf6 6. e5 Ng4 7. g3 Be7 8. Bh3 f5 9. exf6 Bxf6 10. d4 Nh6 11. 0-0 0-0 12. Bc3 d5 13. dxc5 d4 14. Bb2 e5 15. Bxc8 Qxc8 16. Qd3 Qh3 17. Re1 Nb4 18. Qe4 Ng4 19. Nbd2 Bg5 20. Nf1 Rxf3 21. Qxf3 Rf8 22. Qh1 Rxf2 23. Bc1 Be7 24. Ba3 Nd3 25. c6 Nxh2 26. Qd5+ Rf7 27. Re2 Nf3+ 28. Qxf3 Rxf3 29. cxb7 Rf8 30. Bxe7 Rb8 31. Rd1 Rxb7 32. Rxd3 Rxe7 33. Rxd4 h6 34. Rd3 Qf5 35. Rde3 h5 36. Nd2 h4 37. Nf3 0-1

[Event "British Universities-ch"]
[Site "Leicester"]
[Date "2024.02.24"]
[Round "?"]
[White "Choong, Han Sen"]
[Black "Rocco, Federico"]
[Result "1/2-1/2"]
[WhiteElo "1816"]
[BlackElo "2098"]
[PlyCount "108"]
[EventDate "2024.02.24"]
[EventType "team-swiss (rapid)"]
[EventRounds "9"]
[EventCountry "ENG"]
[SourceTitle "CBM 219 Extra"]
[Source "ChessBase"]
[SourceDate "2024.05.31"]
[SourceVersion "1"]
[SourceVersionDate "2024.05.31"]
[SourceQuality "1"]
[WhiteTeam "Imperial"]
[BlackTeam "Warwick"]
[WhiteTeamCountry "ENG"]
[BlackTeamCountry "ENG"]

1. d4 Nf6 2. c4 e6 3. Nf3 b6 4. g3 Ba6 5. b3 Bb4+ 6. Bd2 Be7 7. Bg2 c6 8. Bc3 d5 9. Nbd2 0-0 10. 0-0 Nbd7 11. Qc2 c5 12. Ne5 Rc8 13. Qb2 Nxe5 14. dxe5 Ne8 15. e3 dxc4 16. bxc4 Qc7 17. Rad1 g6 18. Qa3 Bb7 19. Qxa7 Bxg2 20. Qxc7 Nxc7 21. Kxg2 Ra8 22. Ra1 b5 23. cxb5 Nxb5 24. Bb2 Ra4 25. a3 Rd8 26. Nb1 Rd3 27. Rc1 Rb3 28. Ra2 c4 29. Nd2 Rxb2 30. Rxb2 Bxa3 31. Rxc4 Rxc4 32. Nxc4 Bxb2 33. Nxb2 Kg7 34. Nc4 Nc7 35. f4 h5 36. Kf3 Nd5 37. e4 Ne7 38. Nd6 Nc6 39. h3 Kf8 40. Ke3 Kg7 41. Kd3 Nb4+ 42. Kc3 Nc6 43. Kc4 Na5+ 44. Kb4 Nc6+ 45. Kc5 Na5 46. g4 Nb3+ 47. Kc6 hxg4 48. hxg4 Nc1 49. f5 Nd3 50. Nc4 exf5 51. exf5 gxf5 52. gxf5 Nxe5+ 53. Nxe5 Kf6 54. Nxf7 Kxf5 1/2-1/2

[Event "BCF-chT 2324 (4NCL)"]
[Site "England"]
[Date "2024.02.11"]
[Round "6.5"]
[White "Pein, Malcolm"]
[Black "Rocco, Federico"]
[Result "1/2-1/2"]
[WhiteElo "2289"]
[BlackElo "2160"]
[PlyCount "108"]
[EventDate "2023.11.11"]
[EventType "team-tourn"]
[EventRounds "11"]
[EventCountry "ENG"]
[SourceTitle "CBM 219 Extra"]
[Source "ChessBase"]
[SourceDate "2024.05.31"]
[SourceVersion "1"]
[SourceVersionDate "2024.05.31"]
[SourceQuality "1"]
[WhiteTeam "Celtic Tigers"]
[BlackTeam "Barnet Knights"]
[WhiteTeamCountry "ENG"]
[BlackTeamCountry "ENG"]

1. Nf3 Nf6 2. c4 e6 3. g3 b6 4. Bg2 Bb7 5. 0-0 Be7 6. Nc3 0-0 7. Re1 c5 8. e4 d6 9. d4 cxd4 10. Nxd4 Qc8 11. Be3 Nc6 12. Rc1 Ne5 13. b3 Neg4 14. Bf4 Re8 15. Nf3 Qc5 16. Qe2 Nd7 17. h3 Nge5 18. Nd2 Qa5 19. Nf1 Nc5 20. Red1 Bc6 21. Rc2 Qa6 22. b4 Na4 23. Nb5 Bxb5 24. cxb5 Qb7 25. Rdc1 a5 26. a3 axb4 27. axb4 Rec8 28. Qd1 Rxc2 29. Qxc2 Qd7 30. Qc7 Qxc7 31. Rxc7 Kf8 32. Bd2 Nb2 33. Bc3 Bd8 34. Rb7 Nbc4 35. f4 Nd3 36. Nd2 Nxd2 37. Bxd2 Nb2 38. Bf1 Ra3 39. g4 Ke8 40. g5 Nd1 41. h4 Rb3 42. h5 Rb2 43. Be1 Ne3 44. Bh3 Nc2 45. Bf2 Rxb4 46. Bxe6 fxe6 47. Rxg7 Rxe4 48. Bg3 Nd4 49. h6 Rxf4 50. g6 Rf8 51. Bxd6 Rh8 52. gxh7 Bf6 53. Be7 Be5 54. Bd6 Bf6 1/2-1/2

[Event "ENG Clubs"]
[Site "Hull"]
[Date "2023.10.21"]
[Round "2.2"]
[White "Rocco, Federico"]
[Black "Longson, Alexander"]
[Result "1/2-1/2"]
[WhiteElo "2182"]
[BlackElo "2298"]
[PlyCount "64"]
[EventDate "2023.10.20"]
[EventType "team-tourn"]
[EventRounds "5"]
[EventCountry "ENG"]
[SourceTitle "CBM 216 Extra"]
[Source "ChessBase"]
[SourceDate "2023.11.30"]
[SourceVersion "1"]
[SourceVersionDate "2023.11.30"]
[SourceQuality "1"]
[WhiteTeam "Warwick Univ"]
[BlackTeam "3CS Oldham"]
[WhiteTeamCountry "ENG"]
[BlackTeamCountry "ENG"]

1. e4 e5 2. Nf3 Nc6 3. Bb5 a6 4. Ba4 Nf6 5. 0-0 Be7 6. d3 b5 7. Bb3 d6 8. h3 Na5 9. Nbd2 0-0 10. Re1 Re8 11. c3 Nxb3 12. Nxb3 Bf8 13. Qc2 h6 14. c4 c5 15. Nbd2 g6 16. Nb1 b4 17. a3 Nh5 18. axb4 cxb4 19. Nbd2 Nf4 20. Nf1 Qf6 21. Bxf4 exf4 22. d4 Bb7 23. N1h2 Qd8 24. Rad1 Bg7 25. e5 dxe5 26. dxe5 Qc7 27. Qa4 Qxc4 28. Rd4 Qc6 29. Qxb4 Rxe5 30. Rxe5 Bxe5 31. Rc4 Qd5 32. Nf1 Bg7 1/2-1/2

[Event "BCF-chT2 2223 (4NCL)"]
[Site "England"]
[Date "2023.04.30"]
[Round "10.12"]
[White "Rocco, Federico"]
[Black "Taylor, Martin R"]
[Result "1/2-1/2"]
[WhiteElo "2182"]
[BlackElo "2351"]
[PlyCount "125"]
[EventDate "2022.10.22"]
[EventType "team-tourn"]
[EventRounds "11"]
[EventCountry "ENG"]
[SourceTitle "EXT 2024"]
[Source "ChessBase"]
[SourceDate "2023.10.10"]
[SourceVersion "1"]
[SourceVersionDate "2023.10.10"]
[SourceQuality "1"]
[WhiteTeam "Barnet Knights"]
[BlackTeam "Barbican"]
[WhiteTeamCountry "ENG"]
[BlackTeamCountry "ENG"]

1. e4 e5 2. Nf3 Nc6 3. Bb5 Nf6 4. d3 Ne7 5. c3 c6 6. Ba4 Ng6 7. 0-0 Be7 8. Re1 0-0 9. Nbd2 Qc7 10. d4 d6 11. Nf1 d5 12. Nxe5 Nxe4 13. f3 Ng5 14. Ng3 Nxe5 15. dxe5 f5 16. exf6 Bxf6 17. Bc2 Ne6 18. Nh5 Be5 19. g3 Bd6 20. f4 Nc5 21. b4 Ne4 22. Bb2 Qb6+ 23. Qd4 Qxd4+ 24. cxd4 Bg4 25. Nxg7 Kxg7 26. Bxe4 dxe4 27. d5+ Kf7 28. dxc6 bxc6 29. Rxe4 Bf3 30. Rd4 Bd5 31. f5 Be7 32. f6 Bxf6 33. Rf4 Ke7 34. Re1+ Be6 35. Ba3 Kf7 36. b5 cxb5 37. Bxf8 Rxf8 38. g4 Rg8 39. h3 Rg6 40. Kh2 a6 41. a4 h6 42. Kg3 Bc4 43. axb5 axb5 44. Ra1 Kg8 45. Ra8+ Kh7 46. Re8 Bg5 47. Rd4 Rg7 48. h4 Bf6 49. Rf4 Re7 50. Rxe7+ Bxe7 51. Rd4 Kg7 52. Rd7 Kf7 53. Rb7 b4 54. g5 hxg5 55. hxg5 b3 56. Kf4 Ke6 57. Ke3 Bd5 58. Rb6+ Ke5 59. Kd3 Bd8 60. Rb5 Bxg5 61. Rxd5+ Kxd5 62. Kc3 b2 63. Kxb2 1/2-1/2

[Event "BCF-chT2 2223 (4NCL)"]
[Site "England"]
[Date "2022.10.23"]
[Round "2.22"]
[White "Rocco, Federico"]
[Black "Turner, Max N"]
[Result "0-1"]
[WhiteElo "2182"]
[BlackElo "2255"]
[PlyCount "58"]
[EventDate "2022.10.22"]
[EventType "team-tourn"]
[EventRounds "11"]
[EventCountry "ENG"]
[SourceTitle "EXT 2024"]
[Source "ChessBase"]
[SourceDate "2023.10.10"]
[SourceVersion "1"]
[SourceVersionDate "2023.10.10"]
[SourceQuality "1"]
[WhiteTeam "Barnet Knights"]
[BlackTeam "North East England"]
[WhiteTeamCountry "ENG"]
[BlackTeamCountry "ENG"]

1. e4 e5 2. Nf3 Nc6 3. d4 exd4 4. Nxd4 Nf6 5. Nxc6 bxc6 6. Nc3 Bb4 7. Bd3 d5 8. exd5 cxd5 9. 0-0 0-0 10. h3 c6 11. Qf3 Be6 12. Bg5 Rb8 13. Na4 Re8 14. b3 Bd6 15. Rad1 Bc7 16. Bf4 Rb4 17. c4 Bxf4 18. Qxf4 Qa5 19. Rc1 c5 20. Rfe1 Rd8 21. Re2 h6 22. Rec2 dxc4 23. a3 Rxa4 24. bxa4 Rxd3 25. Qb8+ Qd8 26. Qxa7 Rd1+ 27. Kh2 Ng4+ 28. Kg3 Qd6+ 29. Kh4 Nf6 0-1

[Event "BCF-chT 2122 (4NCL)"]
[Site "England"]
[Date "2022.06.26"]
[Round "11.12"]
[White "Rocco, Federico"]
[Black "Parligras, Mircea Emilian"]
[Result "0-1"]
[WhiteElo "2227"]
[BlackElo "2575"]
[PlyCount "62"]
[EventDate "2021.11.27"]
[EventType "team-swiss"]
[EventRounds "11"]
[EventCountry "ENG"]
[SourceTitle "EXT 2023"]
[Source "ChessBase"]
[SourceDate "2022.10.05"]
[SourceVersion "1"]
[SourceVersionDate "2022.10.05"]
[SourceQuality "1"]
[WhiteTeam "Barnet Knights"]
[BlackTeam "Chess.com Manx Liberty"]
[WhiteTeamCountry "ENG"]
[BlackTeamCountry "ENG"]

1. e4 c5 2. Nf3 d6 3. Bb5+ Nd7 4. 0-0 a6 5. Bd3 Ngf6 6. Re1 e6 7. c3 b5 8. Bc2 c4 9. b3 Bb7 10. d4 cxd3 11. Bxd3 Nc5 12. Qc2 Be7 13. Nbd2 Nxd3 14. Qxd3 0-0 15. Bb2 Rc8 16. a4 bxa4 17. Rxa4 Nd7 18. Qc2 Nc5 19. Raa1 d5 20. e5 Qb6 21. Nd4 Ne4 22. Qd3 f6 23. exf6 Rxf6 24. Re2 e5 25. N4f3 Bc5 26. Rf1 Nxf2 27. Rexf2 Bxf2+ 28. Rxf2 e4 29. Qd4 exf3 30. Nxf3 Qxb3 31. Re2 Qb6 0-1

[Event "BCF-chT 2122 (4NCL)"]
[Site "England"]
[Date "2022.05.02"]
[Round "9.82"]
[White "Rocco, Federico"]
[Black "Granat, Russell"]
[Result "1/2-1/2"]
[WhiteElo "2227"]
[BlackElo "2168"]
[PlyCount "153"]
[EventDate "2021.11.27"]
[EventType "team-swiss"]
[EventRounds "11"]
[EventCountry "ENG"]
[SourceTitle "EXT 2023"]
[Source "ChessBase"]
[SourceDate "2022.10.05"]
[SourceVersion "1"]
[SourceVersionDate "2022.10.05"]
[SourceQuality "1"]
[WhiteTeam "Barnet Knights"]
[BlackTeam "Guildford Young Guns"]
[WhiteTeamCountry "ENG"]
[BlackTeamCountry "ENG"]

1. e4 e5 2. Nf3 Nc6 3. Bb5 a6 4. Ba4 Nf6 5. 0-0 Be7 6. Re1 b5 7. Bb3 0-0 8. a4 Bb7 9. Nc3 b4 10. Nd5 Na5 11. d4 Nxb3 12. Nxe7+ Qxe7 13. cxb3 Nxe4 14. Nxe5 Qh4 15. Qc2 Rac8 16. Be3 Nf6 17. f3 Nd5 18. Bf2 Qd8 19. Rac1 d6 20. Nd3 Qd7 21. a5 Qb5 22. Ra1 Rfe8 23. Rec1 Ne3 24. Qd2 Qg5 25. Bg3 Qd5 26. Nxb4 Qb5 27. Nd3 Qxb3 28. Nf4 Nd5 29. Nd3 Re6 30. Bf2 h6 31. Ra3 Qb5 32. Qc2 Qd7 33. Rb3 c6 34. Qd2 Rce8 35. Nf4 Nxf4 36. Qxf4 c5 37. dxc5 dxc5 38. Rbc3 Qb5 39. Rxc5 Qxb2 40. Rc7 R8e7 41. Rxe7 Rxe7 42. Rd1 Qb5 43. Bd4 Qg5 44. Qxg5 hxg5 45. Bc5 Re5 46. Rd8+ Kh7 47. Bb6 Bc6 48. Kf2 Rd5 49. Rc8 Bb5 50. Rc7 Rd2+ 51. Ke3 Re2+ 52. Kd4 Kg6 53. Rb7 Rxg2 54. Bc7 Rd2+ 55. Ke3 Rd3+ 56. Kf2 Rxf3+ 57. Kxf3 Bc6+ 58. Kf2 Bxb7 59. Bb6 Kh5 60. Bc7 Kg4 61. Be5 g6 62. Bf6 Kf5 63. Bd8 Kg4 64. Bf6 Bc6 65. Kg1 Kf5 66. Bd8 g4 67. Kf2 g5 68. Kg3 Ba4 69. Bb6 Bd1 70. Bc7 Kg6 71. Kf2 f5 72. Bb8 Kh5 73. Bc7 Kh4 74. Bd8 f4 75. Be7 Ba4 76. Bd8 Bc6 77. Be7 1/2-1/2

[Event "British Universities-ch"]
[Site "Chess.com INT"]
[Date "2022.03.05"]
[Round "2.4"]
[White "Rocco, Federico"]
[Black "Nguyen, Thu Nga"]
[Result "1-0"]
[WhiteElo "2227"]
[BlackElo "1324"]
[PlyCount "49"]
[EventDate "2022.03.05"]
[EventType "swiss"]
[EventRounds "9"]
[EventCountry "ENG"]
[SourceTitle "EXT 2023"]
[Source "ChessBase"]
[SourceDate "2022.10.05"]
[SourceVersion "1"]
[SourceVersionDate "2022.10.05"]
[SourceQuality "1"]
[WhiteTeam "Warwick (Queens)"]
[BlackTeam "Warwick (Castles) III"]
[WhiteTeamCountry "ENG"]
[BlackTeamCountry "ENG"]

1. e4 d6 2. d4 g6 3. Nc3 Nf6 4. f4 Bg7 5. Nf3 0-0 6. Bd3 Bg4 7. 0-0 a6 8. e5 dxe5 9. dxe5 Nd5 10. Nxd5 Qxd5 11. Qe2 b5 12. Be4 Qe6 13. Bxa8 Nd7 14. Be4 Nc5 15. h3 Nxe4 16. Qd3 Bf5 17. Nd4 Qb6 18. Be3 c5 19. Nxf5 gxf5 20. b4 e6 21. a4 Rd8 22. bxc5 Qc6 23. Qxd8+ Bf8 24. axb5 axb5 25. Ra8 1-0

[Event "Budapest FS11 IM"]
[Site "Budapest"]
[Date "2020.11.09"]
[Round "3"]
[White "Terbe, Julianna"]
[Black "Rocco, Federico"]
[Result "0-1"]
[WhiteElo "2269"]
[BlackElo "2183"]
[PlyCount "96"]
[EventDate "2020.11.07"]
[EventType "tourn"]
[EventRounds "9"]
[EventCountry "HUN"]
[SourceTitle "CBM 199 Extra"]
[Source "ChessBase"]
[SourceDate "2021.01.31"]
[SourceVersion "1"]
[SourceVersionDate "2021.01.31"]
[SourceQuality "1"]

1. d4 Nf6 2. Nf3 d5 3. g3 e6 4. Bg2 b5 5. 0-0 Bb7 6. a4 b4 7. c4 Be7 8. Bg5 0-0 9. Nbd2 Nbd7 10. cxd5 Bxd5 11. Qc2 c5 12. e4 Bb7 13. Bxf6 Nxf6 14. e5 Nd7 15. Ng5 Bxg5 16. Bxb7 Rb8 17. Be4 Bxd2 18. Qxd2 Nxe5 19. Rfd1 cxd4 20. Qxd4 Qa5 21. b3 g6 22. h4 h5 23. Rac1 Rfd8 24. Qe3 Ng4 25. Qe2 Rxd1+ 26. Rxd1 Rd8 27. Rxd8+ Qxd8 28. Bf3 Qd4 29. Bxg4 hxg4 30. h5 gxh5 31. Qb5 e5 32. Qe8+ Kg7 33. Qe7 Kg6 34. Qf8 Qd1+ 35. Kh2 Qxb3 36. Qg8+ Kf6 37. Qh8+ Ke6 38. Qc8+ Kf6 39. Qh8+ Kg6 40. a5 f6 41. Qa8 Qa2 42. Qe4+ Kg7 43. Qb7+ Kh6 44. Qxa7 b3 45. Qe3+ Kg7 46. Qc5 b2 47. Qe7+ Kg6 48. Qe8+ Kg5 0-1

[Event "Pardubice Czech op-A 31st"]
[Site "Pardubice"]
[Date "2020.09.27"]
[Round "8"]
[White "Sorensen, Hampus"]
[Black "Rocco, Federico"]
[Result "1-0"]
[WhiteElo "2361"]
[BlackElo "2123"]
[PlyCount "103"]
[EventDate "2020.09.21"]
[EventType "swiss"]
[EventRounds "9"]
[EventCountry "CZE"]
[SourceTitle "CBM 198 Extra"]
[Source "ChessBase"]
[SourceDate "2020.11.30"]
[SourceVersion "1"]
[SourceVersionDate "2020.11.30"]
[SourceQuality "1"]

1. d4 Nf6 2. c4 e6 3. Nf3 b6 4. a3 Bb7 5. Bf4 c5 6. dxc5 bxc5 7. Nc3 d6 8. Qb3 Bc6 9. Rd1 Be7 10. Nb5 Qa5+ 11. Qc3 Qxc3+ 12. Nxc3 e5 13. Bc1 Nbd7 14. e3 Rb8 15. Be2 0-0 16. 0-0 Rb6 17. Nd2 e4 18. f3 Ne5 19. f4 Ng6 20. g3 Re8 21. Rfe1 Bd8 22. Nb5 Bxb5 23. cxb5 d5 24. Nb3 Be7 25. a4 Rbb8 26. Na5 d4 27. exd4 cxd4 28. Nc6 Bc5 29. b4 Bb6 30. Nxb8 d3+ 31. Kg2 dxe2 32. Rxe2 Rxb8 33. a5 Bd8 34. Be3 Be7 35. b6 axb6 36. a6 Nf8 37. a7 Ra8 38. Bxb6 N6d7 39. Rxe4 Nxb6 40. Rxe7 g6 41. Rb7 Nc8 42. Rb8 Rxa7 43. Rxc8 Kg7 44. Rb1 Rb7 45. b5 Nd7 46. Rc6 Nb6 47. Kf3 h5 48. Ke4 Kf8 49. f5 Kg7 50. fxg6 fxg6 51. Kd4 Kh6 52. h4 1-0

[Event "London Chess Classic: Blitz D"]
[Site "London"]
[Date "2019.12.08"]
[Round "3"]
[White "Lucchi, Lorenzo"]
[Black "Rocco, Federico"]
[Result "1/2-1/2"]
[WhiteElo "2186"]
[BlackElo "2146"]
[PlyCount "26"]
[EventDate "2019.12.08"]
[EventType "swiss (blitz)"]
[EventRounds "11"]
[EventCountry "ENG"]
[SourceTitle "EXT 2021"]
[Source "ChessBase"]
[SourceDate "2020.10.23"]
[SourceVersion "1"]
[SourceVersionDate "2020.10.23"]
[SourceQuality "1"]

1. e4 c5 2. Nf3 d6 3. g3 Nf6 4. Nc3 g6 5. Bg2 Bg7 6. d4 cxd4 7. Nxd4 0-0 8. 0-0 Nc6 9. Nxc6 bxc6 10. e5 dxe5 11. Bxc6 Rb8 12. Qd4 Qd7 13. Qxd7 Rd8 1/2-1/2